[Event "NSU Open Mesterklassen 2011"]
[Site "Hillerod"]
[Date "2011.01.07"]
[Round "1"]
[White "Andersen, Daniel"]
[Black "Schmidt, Tommy B"]
[Result "0-1"]
[WhiteElo "1914"]
[BlackElo "2124"]
[PlyCount "42"]
[EventDate "2011.??.??"]

1. c4 g6 2. e4 Bg7 3. d4 d6 4. Nc3 Nf6 5. f3 O-O 6. Be3 a6 7. Qd2 Nbd7 8. O-O-O
b5 9. cxb5 axb5 10. Bxb5 Nb6 11. Bh6 Bd7 12. Bxg7 Kxg7 13. Bxd7 Qxd7 14. Nge2
Nc4 15. Qd3 Qc6 16. b3 Na3 17. Kb2 Rfb8 18. Nc1 Nd7 19. Ka1 Nb6 20. Rhe1 Na4
21. bxa4 Qxc3+ 0-1

[Event "NSU Open Mesterklassen 2011"]
[Site "Hillerod"]
[Date "2011.01.07"]
[Round "1"]
[White "Bratholm, Palle"]
[Black "Jakobsen, Peter"]
[Result "1/2-1/2"]
[WhiteElo "2045"]
[BlackElo "2182"]
[PlyCount "127"]
[EventDate "2011.??.??"]

1. e4 e5 2. Nf3 Nc6 3. Bb5 a6 4. Bxc6 dxc6 5. O-O f6 6. d4 Bg4 7. dxe5 Qxd1 8.
Rxd1 fxe5 9. Be3 Nf6 10. Nbd2 Bd6 11. Re1 O-O 12. Nh4 Be6 13. f3 Rad8 14. g4 g6
15. Nb3 b6 16. Rad1 a5 17. Nc1 Nd7 18. Bg5 Rde8 19. a4 Kg7 20. Nd3 h6 21. Be3
Be7 22. Bf2 Bxh4 23. Bxh4 Rxf3 24. Nf2 Nc5 25. Kg2 Rf7 26. b3 Bc8 27. Bg3 Ba6
28. Re3 Kf6 29. c4 Bb7 30. Nd3 Nxd3 31. Rexd3 c5 32. Re3 Ke6 33. h3 Ree7 34.
Rf1 Rd7 35. Rxf7 Rxf7 36. Re2 Rd7 37. Kf3 Rd1 38. Be1 Bc6 39. Re3 Kf6 40. Bh4+
Ke6 41. Be1 Rd7 42. Bg3 Rf7+ 43. Ke2 Rh7 44. Kd2 h5 45. gxh5 Rxh5 46. h4 Rh7
47. Ke2 Rf7 48. Rf3 Rd7 49. Rd3 Bxe4 50. Rxd7 Kxd7 51. Kd2 Ke6 52. Bf2 Kf5 53.
Be3 Kg4 54. Bg5 Bb1 55. Kc1 Bf5 56. Bd8 e4 57. Kd2 Kf3 58. Bxc7 e3+ 59. Ke1 Bc2
60. Bxb6 Bxb3 61. Bxa5 Bxa4 62. Bb6 Bb3 63. Bxc5 Bxc4 64. Be7 1/2-1/2

[Event "NSU Open Mesterklassen 2011"]
[Site "Hillerod"]
[Date "2011.01.07"]
[Round "1"]
[White "Jacobsen, Hans Endrup"]
[Black "Lilja, Richard"]
[Result "0-1"]
[WhiteElo "1869"]
[BlackElo "2070"]
[PlyCount "98"]
[EventDate "2011.??.??"]

1. e4 g6 2. d4 d6 3. Nc3 Bg7 4. f4 a6 5. Nf3 b5 6. Bd3 Nd7 7. O-O Bb7 8. f5
gxf5 9. exf5 Bxf3 10. Qxf3 Bxd4+ 11. Kh1 Ne5 12. Qf4 Bxc3 13. bxc3 Nf6 14. c4
bxc4 15. Bxc4 Rg8 16. Be2 Qc8 17. Rb1 c5 18. Qa4+ Qc6 19. Qxc6+ Nxc6 20. Bf3
Rc8 21. Bd2 Nd7 22. Rb2 Nde5 23. Be2 a5 24. Ba6 Rc7 25. Bc3 f6 26. Rf4 Kd7 27.
Bb5 Ra7 28. Rh4 Rg7 29. Bxe5 fxe5 30. Rb3 Ra8 31. Rbh3 Rh8 32. Ra3 Rb8 33. Rb3
Kc7 34. Bxc6 Rxb3 35. axb3 Kxc6 36. Kg1 Rf7 37. Ra4 Kb6 38. g4 d5 39. h4 Rf6
40. Kg2 e6 41. fxe6 Rxe6 42. Ra1 Kb5 43. Rf1 Kb4 44. g5 Kc3 45. Rf7 e4 46. Kf1
Kxc2 47. Rxh7 Kd2 48. Rh6 Re8 49. g6 e3 0-1

[Event "NSU Open Mesterklassen 2011"]
[Site "Hillerod"]
[Date "2011.01.07"]
[Round "1"]
[White "Kaya Mortensen, Jan T"]
[Black "Hove, Esben Kjems"]
[Result "0-1"]
[WhiteElo "1980"]
[BlackElo "2275"]
[PlyCount "66"]
[EventDate "2011.??.??"]

1. d4 Nf6 2. Nf3 d5 3. e3 Bf5 4. c4 e6 5. Nc3 c6 6. Nh4 Be4 7. f3 Bg6 8. Qb3
Qc7 9. Nxg6 hxg6 10. g3 Bd6 11. Bg2 Rxh2 12. Rxh2 Bxg3+ 13. Kf1 Bxh2 14. f4 Bg3
15. Bd2 Nbd7 16. Rc1 Qb6 17. Qd1 dxc4 18. Qf3 Nh5 19. Ne4 Bh4 20. f5 exf5 21.
Nd6+ Kf8 22. Nxf5 Bf6 23. Rxc4 Qa6 24. Nd6 Nb6 25. b3 Nxc4 26. bxc4 Qa3 27. c5
Rd8 28. Kg1 Qxa2 29. Be1 Be7 30. Bf1 Bxd6 31. cxd6 Qb1 32. Bg3 Qf5 33. Qg2 Qg4
0-1

[Event "NSU Open Mesterklassen 2011"]
[Site "Hillerod"]
[Date "2011.01.07"]
[Round "1"]
[White "Knudsen, Jes West"]
[Black "Eriksson, Christian Altenburg"]
[Result "0-1"]
[WhiteElo "1904"]
[BlackElo "2107"]
[PlyCount "54"]
[EventDate "2011.??.??"]

1. e4 c5 2. Nf3 Nc6 3. Nc3 e5 4. Bc4 Be7 5. d3 Nf6 6. Nd5 O-O 7. Nxe7+ Qxe7 8.
Bg5 d6 9. Qd2 Be6 10. O-O-O Rab8 11. Bd5 Nb4 12. Nh4 h6 13. Bxh6 Nfxd5 14. exd5
gxh6 15. dxe6 Qxh4 16. g3 Qf6 17. a3 Nc6 18. exf7+ Rxf7 19. f4 exf4 20. Rdf1 f3
21. h4 Re8 22. Rh2 Nd4 23. Rhf2 Re2 24. Qa5 b6 25. Qa6 Qe6 26. Kb1 Rxf2 27.
Rxf2 Kg7 0-1

[Event "NSU Open Mesterklassen 2011"]
[Site "Hillerod"]
[Date "2011.01.07"]
[Round "1"]
[White "Kristensen, Kaare Hove"]
[Black "Tandrup, Michael"]
[Result "1-0"]
[WhiteElo "2232"]
[BlackElo "1940"]
[PlyCount "107"]
[EventDate "2011.??.??"]

1. e4 c5 2. Nf3 d6 3. d4 cxd4 4. Nxd4 Nf6 5. Nc3 a6 6. Bg5 e6 7. f4 Qb6 8. Qd2
Qxb2 9. Rb1 Qa3 10. Be2 Nc6 11. Nxc6 bxc6 12. O-O Be7 13. Kh1 h6 14. Bxf6 gxf6
15. f5 e5 16. Rf3 Qa5 17. Rb3 Ra7 18. Qe3 Rd7 19. Qb6 Qxb6 20. Rxb6 d5 21. Bxa6
O-O 22. Bd3 d4 23. Nb1 Rb7 24. Rg3+ Kh7 25. Rxb7 Bxb7 26. Bc4 c5 27. Nd2 Bc6
28. Kg1 Bd6 29. Ra3 Kg7 30. Kf1 Rb8 31. Ra6 Rc8 32. a4 Bf8 33. Ke2 Be8 34. Bb5
Rb8 35. Bxe8 Rxe8 36. Kd3 Rb8 37. Nc4 Rb1 38. a5 Rd1+ 39. Ke2 Rc1 40. Kd2 Rg1
41. Rb6 Rxg2+ 42. Kd3 Rxh2 43. a6 Rh1 44. Rb5 Rh3+ 45. Kd2 h5 46. a7 Kh7 47.
a8=Q Bh6+ 48. Ke2 Rh2+ 49. Kf1 Rxc2 50. Qd5 Rc1+ 51. Kg2 Rc2+ 52. Kh3 Kg7 53.
Rb7 Rc3+ 54. Kh4 1-0

[Event "NSU Open Mesterklassen 2011"]
[Site "Hillerod"]
[Date "2011.01.07"]
[Round "1"]
[White "Schou Moldt, Thomas"]
[Black "Schultz Pedersen, Jesper"]
[Result "1-0"]
[WhiteElo "2148"]
[BlackElo "2139"]
[PlyCount "63"]
[EventDate "2011.??.??"]

1. e4 e6 2. d4 d5 3. Nd2 Nc6 4. Ngf3 Nf6 5. e5 Nd7 6. c3 f6 7. Nh4 Qe7 8. Qh5+
Qf7 9. Qxf7+ Kxf7 10. f4 f5 11. Be2 Be7 12. Ndf3 Nd8 13. Rg1 Nf8 14. g3 b6 15.
Bd2 a5 16. Rc1 Ng6 17. Ng2 Ba6 18. Ne3 Bxe2 19. Kxe2 Nb7 20. c4 dxc4 21. Rxc4
c5 22. d5 exd5 23. Nxd5 b5 24. Rc2 Rac8 25. Nxe7 Nxe7 26. Ng5+ Kg6 27. Rgc1
Rhd8 28. Ne6 Rd5 29. Be3 c4 30. b3 cxb3 31. Rxc8 b2 32. R8c7 1-0

[Event "NSU Open Mesterklassen 2011"]
[Site "Hillerod"]
[Date "2011.01.08"]
[Round "2"]
[White "Andersen, Daniel"]
[Black "Knudsen, Jes West"]
[Result "1-0"]
[WhiteElo "1914"]
[BlackElo "1904"]
[PlyCount "93"]
[EventDate "2011.??.??"]

1. c4 e5 2. Nc3 Nc6 3. Nf3 d6 4. d4 Bg4 5. e3 Bxf3 6. Qxf3 exd4 7. exd4 Nxd4 8.
Qxb7 Nf6 9. Bd3 Be7 10. O-O O-O 11. Nd5 Nxd5 12. cxd5 Qd7 13. Be3 Rfb8 14. Qa6
Bf6 15. Rab1 Qg4 16. Kh1 Nf5 17. Bxf5 Qxf5 18. Qc6 Qc8 19. b3 Qb7 20. Rfc1 h6
21. h3 Bg5 22. Bxg5 hxg5 23. Rc4 Qxc6 24. Rxc6 Rb5 25. Rd1 Rc8 26. Ra6 Rb7 27.
Rc1 Re8 28. Rc4 Re2 29. Kg1 Re1+ 30. Kh2 Re2 31. Kg3 Kf8 32. Rca4 Rb5 33. R6a5
Rxa5 34. Rxa5 f5 35. Rxa7 f4+ 36. Kf3 Rc2 37. Ra4 Ke7 38. Rc4 Rxa2 39. Rxc7+
Kf6 40. Rd7 Rb2 41. Rxd6+ Ke5 42. Rg6 Rxb3+ 43. Kg4 Kxd5 44. Rxg5+ Ke6 45. Rxg7
Kf6 46. Rg8 Kf7 47. Rg5 1-0

[Event "NSU Open Mesterklassen 2011"]
[Site "Hillerod"]
[Date "2011.01.08"]
[Round "2"]
[White "Hove, Esben Kjems"]
[Black "Kristensen, Kaare Hove"]
[Result "1/2-1/2"]
[WhiteElo "2275"]
[BlackElo "2232"]
[PlyCount "109"]
[EventDate "2011.??.??"]

1. d4 d5 2. c4 c6 3. cxd5 cxd5 4. Nc3 Nf6 5. Nf3 Nc6 6. Bf4 Bf5 7. e3 e6 8. Qb3
Bb4 9. Bb5 Bxc3+ 10. Qxc3 O-O 11. Bxc6 Rc8 12. Ne5 Nh5 13. Qb4 bxc6 14. O-O
Nxf4 15. exf4 f6 16. Nf3 Qb6 17. Qxb6 axb6 18. b4 Ra8 19. Rfc1 Ra4 20. a3 Rfa8
21. h3 Rxa3 22. Rxa3 Rxa3 23. Rxc6 b5 24. Rb6 Bd3 25. Rxe6 Ra4 26. Rd6 Be4 27.
Nd2 Rxb4 28. f3 Bd3 29. Rxd5 Rb2 30. Ne4 b4 31. Nc5 Bc4 32. Rd8+ Kf7 33. d5 Rd2
34. d6 b3 35. d7 b2 36. Rb8 Ke7 37. d8=Q+ Rxd8 38. Rxb2 Bd5 39. Kf2 Rc8 40. Nd3
Rc7 41. f5 Bf7 42. Nf4 Rd7 43. g4 Rd8 44. h4 Rd7 45. g5 g6 46. Re2+ Kf8 47.
Ne6+ Kg8 48. Rb2 Bxe6 49. fxe6 Re7 50. Rb6 fxg5 51. hxg5 Kf8 52. f4 Ra7 53. Kf3
Ke7 54. Kg4 Rc7 55. Ra6 1/2-1/2

[Event "NSU Open Mesterklassen 2011"]
[Site "Hillerod"]
[Date "2011.01.08"]
[Round "2"]
[White "Kaya Mortensen, Jan T"]
[Black "Bratholm, Palle"]
[Result "1-0"]
[WhiteElo "1980"]
[BlackElo "2045"]
[PlyCount "71"]
[EventDate "2011.??.??"]

1. d4 Nf6 2. Nf3 e6 3. e3 d5 4. Bd3 c5 5. b3 Nc6 6. Bb2 a6 7. O-O b5 8. dxc5
Bxc5 9. Nbd2 O-O 10. a4 b4 11. Rc1 Bb7 12. Qe2 Re8 13. Ne5 Nxe5 14. Bxe5 Ne4
15. Rfd1 Qe7 16. Nxe4 dxe4 17. Bc4 f6 18. Bd4 Bxd4 19. Rxd4 Kh8 20. Rcd1 Red8
21. Qd2 Rxd4 22. Qxd4 e5 23. Qb6 g6 24. Rd6 Rf8 25. h3 a5 26. Re6 Qg7 27. Qd6
Bc8 28. Re7 Qh6 29. Rf7 Rxf7 30. Bxf7 Kg7 31. Qe7 Qg5 32. Be6+ Kh6 33. Bxc8 Qh5
34. Bg4 Qh4 35. g3 Qg5 36. Qf8# 1-0

[Event "NSU Open Mesterklassen 2011"]
[Site "Hillerod"]
[Date "2011.01.08"]
[Round "2"]
[White "Lilja, Richard"]
[Black "Schou Moldt, Thomas"]
[Result "1/2-1/2"]
[WhiteElo "2070"]
[BlackElo "2148"]
[PlyCount "96"]
[EventDate "2011.??.??"]

1. e4 e5 2. Nf3 Nc6 3. Nc3 Nf6 4. a3 d6 5. Bb5 a6 6. Bxc6+ bxc6 7. d4 exd4 8.
Qxd4 c5 9. Qd1 Bb7 10. O-O Be7 11. Re1 O-O 12. Bg5 Re8 13. Qd2 h6 14. Bf4 Bf8
15. Qd3 Qd7 16. Rad1 Qg4 17. Bg3 Nxe4 18. h3 Qg6 19. Nh4 Qh7 20. Bh2 g5 21. Nf3
Nxc3 22. Qxc3 Qf5 23. Rd3 Rxe1+ 24. Nxe1 Re8 25. Re3 Rxe3 26. Qxe3 Bc6 27. Bg3
Qe6 28. Qd2 Bg7 29. c3 Qd5 30. Qe2 Qe4 31. Qd2 Be5 32. f3 Qf5 33. Bxe5 Qxe5 34.
Nd3 Qe6 35. Nf2 Bb5 36. Ne4 f5 37. Ng3 Kf7 38. f4 Kg6 39. Qd1 Qe8 40. fxg5 hxg5
41. Qh5+ Kf6 42. Qh6+ Qg6 43. Qf8+ Ke5 44. Qe7+ Kd5 45. b3 Bd3 46. Qxc7 f4 47.
Qb7+ Ke6 48. Qc8+ Ke7 1/2-1/2

[Event "NSU Open Mesterklassen 2011"]
[Site "Hillerod"]
[Date "2011.01.08"]
[Round "2"]
[White "Schmidt, Tommy B"]
[Black "Eriksson, Christian Altenburg"]
[Result "1/2-1/2"]
[WhiteElo "2124"]
[BlackElo "2107"]
[PlyCount "37"]
[EventDate "2011.??.??"]

1. d4 d5 2. c4 c6 3. Nf3 Nf6 4. e3 e6 5. b3 Nbd7 6. Bd3 b6 7. Bb2 Bb7 8. cxd5
cxd5 9. O-O Be7 10. Qe2 O-O 11. Rc1 Rc8 12. Nc3 g6 13. Ne5 Nb8 14. Nb5 a6 15.
Rxc8 Bxc8 16. Nc3 Bb7 17. Na4 Qd6 18. Rc1 Rc8 19. Rxc8+ 1/2-1/2

[Event "NSU Open Mesterklassen 2011"]
[Site "Hillerod"]
[Date "2011.01.08"]
[Round "2"]
[White "Schultz Pedersen, Jesper"]
[Black "Jacobsen, Hans Endrup"]
[Result "1-0"]
[WhiteElo "2139"]
[BlackElo "1869"]
[PlyCount "111"]
[EventDate "2011.??.??"]

1. e4 c5 2. f4 e6 3. Nf3 d5 4. Nc3 dxe4 5. Ne5 a6 6. d3 Nf6 7. Bd2 Bd6 8. dxe4
Qc7 9. Nxf7 Kxf7 10. e5 Bxe5 11. fxe5 Qxe5+ 12. Be2 Rd8 13. Qc1 Kg8 14. O-O Nd5
15. Qe1 Nd7 16. Qh4 Qd4+ 17. Qxd4 cxd4 18. Ne4 Ne5 19. Rae1 b5 20. Nc5 Nc4 21.
Bxc4 bxc4 22. Re4 Nf6 23. Ree1 Rb8 24. b3 Rb5 25. Nxe6 Bxe6 26. Rxe6 c3 27. Bc1
Nd5 28. a3 Rb6 29. Rxb6 Nxb6 30. Rf3 Nd7 31. Bf4 Re8 32. Kf2 Nf6 33. Rd3 Re4
34. Kf3 h6 35. h4 Kf7 36. g4 Ke6 37. b4 Kd5 38. a4 Re1 39. Bg3 Rc1 40. Bf2 Rxc2
41. Rxd4+ Ke5 42. Rc4 Rd2 43. Be1 Ra2 44. Bxc3+ Kd5 45. Rc5+ Kd6 46. Be5+ Ke6
47. Bxf6 Kxf6 48. Ra5 Rb2 49. Rxa6+ Ke5 50. Ra5+ Kd4 51. Rb5 Kc4 52. Rb7 g5 53.
hxg5 hxg5 54. a5 Rb3+ 55. Ke4 Rb1 56. Kf5 1-0

[Event "NSU Open Mesterklassen 2011"]
[Site "Hillerod"]
[Date "2011.01.08"]
[Round "2"]
[White "Tandrup, Michael"]
[Black "Jakobsen, Peter"]
[Result "0-1"]
[WhiteElo "1940"]
[BlackElo "2182"]
[PlyCount "137"]
[EventDate "2011.??.??"]

1. d4 d5 2. c4 e6 3. g3 Nf6 4. Bg2 Be7 5. Nf3 O-O 6. Qc2 c5 7. cxd5 Nxd5 8.
dxc5 Na6 9. a3 Nxc5 10. b4 Nd7 11. O-O a5 12. e4 N5f6 13. b5 Nc5 14. e5 Nd5 15.
Nc3 Nxc3 16. Qxc3 a4 17. Be3 Nb3 18. Ra2 Qa5 19. Qc4 Bd7 20. Qg4 Rfd8 21. Ng5
Qxb5 22. Nxh7 Qxe5 23. Ng5 Bc6 24. Bf4 Qf5 25. Qxf5 exf5 26. Bxc6 bxc6 27. Nf3
c5 28. Ne5 Nd4 29. Be3 Bf6 30. Nc4 Rab8 31. Kg2 Nb3 32. Bf4 Rb7 33. Re2 g6 34.
Rfe1 Kg7 35. h4 Nd4 36. Re8 Rxe8 37. Rxe8 Ne6 38. Rc8 Nxf4+ 39. gxf4 Bd4 40.
Ra8 Rb1 41. Rxa4 Rc1 42. Ne3 Rc3 43. Kf3 Rc1 44. Kg3 Bxe3 45. fxe3 c4 46. Rb4
c3 47. Rc4 c2 48. Kg2 Kh6 49. a4 Kh5 50. a5 Kxh4 51. a6 Kg4 52. a7 Ra1 53. Rxc2
Rxa7 54. Re2 f6 55. Kf2 g5 56. fxg5 fxg5 57. Kg2 Ra3 58. Kf2 Kh3 59. Rb2 Ra5
60. Rc2 g4 61. Rb2 Ra3 62. Rc2 g3+ 63. Kf3 Ra1 64. Rc8 Rf1+ 65. Ke2 Rf2+ 66.
Ke1 Ra2 67. Rh8+ Kg4 68. Rg8+ Kf3 69. Rg5 0-1

[Event "NSU Open Mesterklassen 2011"]
[Site "Hillerod"]
[Date "2011.01.08"]
[Round "3"]
[White "Jakobsen, Peter"]
[Black "Eriksson, Christian Altenburg"]
[Result "1-0"]
[WhiteElo "2182"]
[BlackElo "2107"]
[PlyCount "57"]
[EventDate "2011.??.??"]

1. Nf3 d5 2. c4 e6 3. g3 Nf6 4. Bg2 dxc4 5. Qc2 a6 6. a4 Nc6 7. Qxc4 Qd5 8.
Qxd5 Nxd5 9. O-O Be7 10. Nc3 Ndb4 11. d3 Bd7 12. Bf4 Rc8 13. Rac1 Bd6 14. Bd2
O-O 15. Ne4 Be7 16. Nc5 Bxc5 17. Rxc5 Nd5 18. Rfc1 Rfd8 19. a5 Be8 20. b4 Nf6
21. b5 axb5 22. Rxb5 Rb8 23. Rb2 Ra8 24. Rxb7 Nxa5 25. Bxa5 Rxa5 26. Rbxc7 g6
27. Nd2 Ra2 28. R7c2 Raa8 29. Bxa8 1-0

[Event "NSU Open Mesterklassen 2011"]
[Site "Hillerod"]
[Date "2011.01.08"]
[Round "3"]
[White "Knudsen, Jes West"]
[Black "Jacobsen, Hans Endrup"]
[Result "1/2-1/2"]
[WhiteElo "1904"]
[BlackElo "1869"]
[PlyCount "40"]
[EventDate "2011.??.??"]

1. e4 c5 2. Nf3 d6 3. Bb5+ Bd7 4. c4 Nc6 5. Nc3 e6 6. O-O g6 7. Re1 Bg7 8. Bxc6
Bxc6 9. Nd5 Ne7 10. Nxe7 Qxe7 11. d4 cxd4 12. Nxd4 O-O 13. b3 Rac8 14. Ba3 Rfd8
15. Rb1 Qg5 16. Nxc6 bxc6 17. Bxd6 Be5 18. c5 Bxd6 19. cxd6 Qe5 20. d7 Rc7
1/2-1/2

[Event "NSU Open Mesterklassen 2011"]
[Site "Hillerod"]
[Date "2011.01.08"]
[Round "3"]
[White "Lilja, Richard"]
[Black "Hove, Esben Kjems"]
[Result "0-1"]
[WhiteElo "2070"]
[BlackElo "2275"]
[PlyCount "80"]
[EventDate "2011.??.??"]

1. e4 c6 2. d3 d5 3. Nd2 g6 4. g3 Bg7 5. Bg2 dxe4 6. dxe4 Nf6 7. Ngf3 Na6 8.
O-O Nc5 9. Qe2 O-O 10. Re1 b6 11. e5 Ng4 12. Nc4 Ba6 13. h3 Nh6 14. Be3 Ne6 15.
Rad1 Qc7 16. Ng5 Nxg5 17. Bxg5 Rad8 18. Bf4 Qc8 19. Qe4 Qe6 20. Nd2 c5 21. Nf3
Rxd1 22. Rxd1 Qxa2 23. g4 Kh8 24. b3 Ng8 25. Ng5 h6 26. h4 hxg5 27. hxg5 e6 28.
Rd7 Bb5 29. Rc7 Qa1+ 30. Kh2 Qd4 31. c4 Ba6 32. Rxa7 Bc8 33. Bf3 Qxf2+ 34. Kh1
Rd8 35. Be3 Qf1+ 36. Kh2 Rd7 37. Ra2 Bb7 38. Bg2 Bxe4 39. Bxf1 Bxe5+ 40. Kg1
Bd4 0-1

[Event "NSU Open Mesterklassen 2011"]
[Site "Hillerod"]
[Date "2011.01.08"]
[Round "3"]
[White "Schmidt, Tommy B"]
[Black "Kaya Mortensen, Jan T"]
[Result "1-0"]
[WhiteElo "2124"]
[BlackElo "1980"]
[PlyCount "71"]
[EventDate "2011.??.??"]

1. d4 g6 2. c4 Bg7 3. e4 b6 4. Nc3 c5 5. d5 Nh6 6. Nf3 f6 7. Be2 Nf7 8. O-O O-O
9. Qc2 Na6 10. a3 Nc7 11. Rd1 Ne8 12. b3 Bb7 13. Bb2 Rc8 14. Bf1 Qc7 15. g3 Rd8
16. Bh3 Bc8 17. Bf1 Ned6 18. b4 Nb7 19. bxc5 Nxc5 20. Nb5 Qb8 21. a4 Nd6 22.
Nxd6 Qxd6 23. a5 Bb7 24. Nd4 Rc8 25. Nb5 Qb8 26. axb6 axb6 27. Rdb1 f5 28. Bxg7
Kxg7 29. Na7 Nxe4 30. Nxc8 Qxc8 31. Qb2+ Kh6 32. Qxb6 Nc5 33. Ra5 Qb8 34. Rxc5
f4 35. Rc7 fxg3 36. hxg3 1-0

[Event "NSU Open Mesterklassen 2011"]
[Site "Hillerod"]
[Date "2011.01.08"]
[Round "3"]
[White "Schou Moldt, Thomas"]
[Black "Kristensen, Kaare Hove"]
[Result "0-1"]
[WhiteElo "2148"]
[BlackElo "2232"]
[PlyCount "66"]
[EventDate "2011.??.??"]

1. e4 c5 2. Nf3 d6 3. d4 cxd4 4. Nxd4 Nf6 5. Nc3 g6 6. f3 Bg7 7. Be3 a6 8. Qd2
Nbd7 9. a4 O-O 10. Be2 Ne5 11. g4 Bd7 12. Bh6 b5 13. h4 Bxh6 14. Qxh6 b4 15.
Nd5 Nxd5 16. exd5 f6 17. O-O-O Qa5 18. b3 Qxd5 19. g5 Nf7 20. Bc4 Qxc4 21.
Qxf8+ Rxf8 22. bxc4 fxg5 23. hxg5 Nxg5 24. a5 Nxf3 25. Nxf3 Rxf3 26. Rhe1 Kf7
27. Rf1 Rxf1 28. Rxf1+ Bf5 29. Kd2 h5 30. Rb1 h4 31. Rxb4 h3 32. Rb1 Be4 33.
Rf1+ Kg7 0-1

[Event "NSU Open Mesterklassen 2011"]
[Site "Hillerod"]
[Date "2011.01.08"]
[Round "3"]
[White "Schultz Pedersen, Jesper"]
[Black "Andersen, Daniel"]
[Result "1-0"]
[WhiteElo "2139"]
[BlackElo "1914"]
[PlyCount "89"]
[EventDate "2011.??.??"]

1. e4 e6 2. Nf3 d5 3. e5 c5 4. d4 Nc6 5. Bd3 cxd4 6. O-O Bc5 7. a3 a5 8. Re1
Nge7 9. Bf4 Nf5 10. c3 h6 11. Bxf5 exf5 12. cxd4 Be7 13. Qd3 Be6 14. Bd2 O-O
15. Nc3 Qd7 16. h4 a4 17. Ne2 Qd8 18. g3 Na5 19. Bxa5 Qxa5 20. Rec1 Rfc8 21.
Rc3 Rxc3 22. Qxc3 Qb5 23. Qd2 Rc8 24. Rc1 Rxc1+ 25. Nxc1 Qc4 26. Ne1 b5 27. Nc2
f4 28. gxf4 Bxh4 29. Ne3 Qc6 30. Nd3 Be7 31. f5 Bd7 32. Nb4 Bxb4 33. Qxb4 Qc1+
34. Kg2 Qb1 35. e6 fxe6 36. Qe7 exf5 37. Qxd7 Qe4+ 38. Kg1 Qb1+ 39. Kh2 Qxb2
40. Qxd5+ Kh8 41. Kg2 Qxa3 42. Nxf5 Qc1 43. Ne7 Qc4 44. Qxc4 bxc4 45. d5 1-0

[Event "NSU Open Mesterklassen 2011"]
[Site "Hillerod"]
[Date "2011.01.08"]
[Round "3"]
[White "Tandrup, Michael"]
[Black "Bratholm, Palle"]
[Result "1/2-1/2"]
[WhiteElo "1940"]
[BlackElo "2045"]
[PlyCount "35"]
[EventDate "2011.??.??"]

1. d4 Nf6 2. Nf3 e6 3. e3 c5 4. b3 b6 5. Bb2 Bb7 6. Bd3 d5 7. Nbd2 Nbd7 8. O-O
Ne4 9. Ne5 Nxe5 10. dxe5 Nxd2 11. Bb5+ Ke7 12. Qxd2 a6 13. Be2 g6 14. Rad1 Bh6
15. f4 Qc7 16. Qe1 Bg7 17. Qh4+ Ke8 18. c4 1/2-1/2

[Event "NSU Open Mesterklassen 2011"]
[Site "Hillerod"]
[Date "2011.01.09"]
[Round "4"]
[White "Andersen, Daniel"]
[Black "Kaya Mortensen, Jan T"]
[Result "0-1"]
[WhiteElo "1914"]
[BlackElo "1980"]
[PlyCount "60"]
[EventDate "2011.??.??"]

1. c4 b6 2. e4 c5 3. Nf3 Bb7 4. Nc3 Nf6 5. e5 Ng8 6. d4 cxd4 7. Qxd4 Nc6 8. Qe4
g6 9. Bf4 Bh6 10. Bxh6 Nxh6 11. Qf4 Nf5 12. g4 Ncd4 13. Bg2 g5 14. Nxg5 Bxg2
15. Rg1 h6 16. Rxg2 Nc2+ 17. Kd2 hxg5 18. Qxf5 Nxa1 19. Kc1 Qc7 20. b3 Rh3 21.
Nd5 Qc5 22. Qxg5 Nxb3+ 23. axb3 Qa3+ 24. Kd2 O-O-O 25. Nxe7+ Kb7 26. Nd5 Rxb3
27. Ne3 Qa2+ 28. Nc2 Qa5+ 29. Kc1 Rc8 30. Qf4 Rc3 0-1

[Event "NSU Open Mesterklassen 2011"]
[Site "Hillerod"]
[Date "2011.01.09"]
[Round "4"]
[White "Eriksson, Christian Altenburg"]
[Black "Schou Moldt, Thomas"]
[Result "1-0"]
[WhiteElo "2107"]
[BlackElo "2148"]
[PlyCount "148"]
[EventDate "2011.??.??"]

1. e4 e5 2. Nf3 Nc6 3. Bb5 Nf6 4. O-O Nxe4 5. Re1 Nd6 6. Nxe5 Be7 7. Bf1 Nxe5
8. Rxe5 O-O 9. d4 Bf6 10. Re1 Nf5 11. c3 d5 12. Bd3 g6 13. Nd2 Qd6 14. Nf3 c5
15. dxc5 Qxc5 16. Bxf5 Bxf5 17. Be3 Qb5 18. Qb3 Qd7 19. Bd4 Bxd4 20. Nxd4 Be4
21. Re3 Rae8 22. Rae1 Bd3 23. Qd1 Bc4 24. a3 Rxe3 25. Rxe3 Re8 26. Qe1 Kf8 27.
h3 Rxe3 28. Qxe3 Qe7 29. Qf4 f6 30. Nf3 Kg7 31. Qd4 b6 32. Qf4 a5 33. Qb8 b5
34. b3 Bxb3 35. Qxb5 a4 36. Qc6 Kf7 37. Nd4 Qe1+ 38. Kh2 Qe5+ 39. g3 h5 40.
Nxb3 axb3 41. Qb7+ Kg8 42. Qxb3 h4 43. Qc2 hxg3+ 44. fxg3 f5 45. Qd2 Kh7 46. h4
Qe4 47. Kg1 Qf3 48. Qe1 f4 49. Qe7+ Kg8 50. Qe6+ Kh7 51. Qf7+ Kh8 52. Qxf4 Qxc3
53. Qh6+ Kg8 54. Qxg6+ Kf8 55. Qh6+ Ke7 56. Qg5+ Ke8 57. Qh5+ Ke7 58. Qe2+ Kd8
59. Kf2 Qxa3 60. h5 d4 61. Qd2 d3 62. Qg5+ Ke8 63. Qe5+ Kf7 64. Ke3 Qc1+ 65.
Kxd3 Qd1+ 66. Ke4 Qa4+ 67. Kf5 Qd7+ 68. Kg5 Qd8+ 69. Kg4 Qd1+ 70. Kh4 Qh1+ 71.
Kg5 Qa8 72. Qf4+ Kg8 73. Qe5 Kh7 74. Kf4 Qa4+ 1-0

[Event "NSU Open Mesterklassen 2011"]
[Site "Hillerod"]
[Date "2011.01.09"]
[Round "4"]
[White "Jacobsen, Hans Endrup"]
[Black "Bratholm, Palle"]
[Result "0-1"]
[WhiteElo "1869"]
[BlackElo "2045"]
[PlyCount "78"]
[EventDate "2011.??.??"]

1. e4 e5 2. Nf3 Nc6 3. Bb5 Nf6 4. O-O Nxe4 5. d4 Nd6 6. Bxc6 dxc6 7. dxe5 Nf5
8. Qxd8+ Kxd8 9. b3 Be6 10. Bb2 b6 11. Nc3 Kc8 12. Ne4 Kb7 13. Nfg5 Be7 14.
Nxe6 fxe6 15. Rad1 Rad8 16. h3 h5 17. g3 c5 18. Kg2 Rhf8 19. Rfe1 Kc6 20. a4
Nd4 21. Bxd4 Rxd4 22. Rxd4 cxd4 23. f3 Rf5 24. Nf2 Kd5 25. Nd3 g5 26. g4 hxg4
27. hxg4 Rf7 28. Rh1 c5 29. Rh6 a6 30. Kf2 b5 31. axb5 axb5 32. Ke2 c4 33.
bxc4+ bxc4 34. Nb2 Ba3 35. Nxc4 Kxc4 36. Rxe6 Re7 37. Rc6+ Bc5 38. Rf6 Rxe5+
39. Kd1 Bb4 0-1

[Event "NSU Open Mesterklassen 2011"]
[Site "Hillerod"]
[Date "2011.01.09"]
[Round "4"]
[White "Jakobsen, Peter"]
[Black "Hove, Esben Kjems"]
[Result "1/2-1/2"]
[WhiteElo "2182"]
[BlackElo "2275"]
[PlyCount "110"]
[EventDate "2011.??.??"]

1. Nf3 d5 2. c4 c6 3. g3 Nf6 4. Bg2 e6 5. Qc2 Nbd7 6. O-O Bd6 7. b3 O-O 8. Bb2
Qe7 9. d3 e5 10. cxd5 Nxd5 11. Nbd2 Ba3 12. Bxa3 Qxa3 13. Nc4 Qe7 14. Qb2 f6
15. Rad1 N7b6 16. Ncd2 Bg4 17. a3 Rad8 18. Rc1 Nc7 19. Rfe1 Nb5 20. a4 Nc7 21.
Ne4 Nbd5 22. Rc4 Ne6 23. a5 Bxf3 24. Bxf3 c5 25. Bg2 b6 26. axb6 axb6 27. Ra4
Nb4 28. Rea1 Nd4 29. e3 Ndc6 30. Qc3 Rxd3 31. Qc4+ Qf7 32. Qxf7+ Kxf7 33. Bf1
Rdd8 34. Bb5 Rb8 35. Nd6+ Ke6 36. Nc4 Ne7 37. Ra7 Rfd8 38. Kg2 e4 39. Na3 f5
40. h4 Kf6 41. Nc4 Ned5 42. Bd7 g6 43. g4 fxg4 44. Bxg4 h5 45. Bd7 g5 46. hxg5+
Kxg5 47. Nd6 Rg8 48. Nxe4+ Kh6+ 49. Kh3 Rbf8 50. Be6 Rg6 51. Bf7 Rg7 52. Bxd5
Rf3+ 53. Ng3 Rxa7 54. Rxa7 Nxd5 55. Kg2 Rf6 1/2-1/2

[Event "NSU Open Mesterklassen 2011"]
[Site "Hillerod"]
[Date "2011.01.09"]
[Round "4"]
[White "Knudsen, Jes West"]
[Black "Tandrup, Michael"]
[Result "1-0"]
[WhiteElo "1904"]
[BlackElo "1940"]
[PlyCount "35"]
[EventDate "2011.??.??"]

1. e4 d5 2. exd5 Qxd5 3. Nf3 Nf6 4. Nc3 Qa5 5. Bc4 Bg4 6. h3 Bxf3 7. Qxf3 c6 8.
d4 e6 9. Bd2 Qb6 10. O-O Qxd4 11. Qe2 Qb6 12. Bxe6 fxe6 13. Qxe6+ Kd8 14. Rad1
Nfd7 15. Bg5+ Kc7 16. Qe8 Bd6 17. Qxh8 Nf8 18. Rxd6 1-0

[Event "NSU Open Mesterklassen 2011"]
[Site "Hillerod"]
[Date "2011.01.09"]
[Round "4"]
[White "Lilja, Richard"]
[Black "Schultz Pedersen, Jesper"]
[Result "0-1"]
[WhiteElo "2070"]
[BlackElo "2139"]
[PlyCount "48"]
[EventDate "2011.??.??"]

1. e4 Nc6 2. Nc3 e6 3. d4 Bb4 4. a3 Bxc3+ 5. bxc3 d6 6. Qg4 Qf6 7. Bb5 Nge7 8.
h4 h6 9. Qe2 a6 10. Bd3 e5 11. d5 Nb8 12. h5 c6 13. c4 b5 14. Rb1 O-O 15. g4
bxc4 16. Bxc4 cxd5 17. exd5 Nd7 18. Rb3 e4 19. Qxe4 Nc5 20. Qe2 Nxb3 21. cxb3
Qc3+ 22. Kd1 Qd4+ 23. Bd2 Bxg4 24. f3 Nxd5 0-1